| 000 | 00875cab a22001935a 4500 | ||
|---|---|---|---|
| 001 | L146697 | ||
| 008 | 090217e20090214xxko f s 000 0 eng d | ||
| 035 | _a(Sirsi) u146697 | ||
| 041 | 0 | _aeng | |
| 100 | 1 | _aMaxwell, Estelle | |
| 245 | 0 | 0 |
_aEG _bauctions |
| 260 | _c2009 | ||
| 490 |
_aEstates Gazette _v(0906) 14 February 2009, 55-67(8) |
||
| 520 | _aRegular feature on the UK property auction market includes forecasts for 2009 (further price drops, with good purchases to be made by cash-rich investors) and a regional round-up of the market. Falling receipts and buyer sentiment are found to be near-universal, with many auctioneers opting to focus on fundamentals such as service during this period of recession. | ||
| 590 | _aKA | ||
| 651 | 4 |
_aUnited Kingdom _y |
|
| 690 | _aPROPERTY-COMMERCIAL PROPERTY-ACQUISITION AND DISPOSAL OF COMMERCIAL PROPERTY | ||
| 942 | _n0 | ||
| 999 |
_c81251 _d81251 |
||